000 00312nam a2200097Ia 4500
008 241105s9999 xx 000 0 und d
041 _aeng
100 _aPanchpor Veidehi
_9119786
245 _aDeveloing An Existing Village The Ogbc Green Villoage Rating System
260 _bBNCA M Arch Landscape Architecture
_c2022
999 _c362065
_d362065